Apró közlemények Alföldkutatás. Biliege. Forna. Betereg. [... etc.]
Elmentve itt :
| Dokumentumtípus: | Cikk |
|---|---|
| Megjelent: |
1926
|
| Sorozat: | Föld és ember
6 No. 4 |
| Kulcsszavak: | Földrajztudomány |
| Online Access: | http://acta.bibl.u-szeged.hu/10406 |
| LEADER | 00552nab a2200157 i 4500 | ||
|---|---|---|---|
| 001 | acta10406 | ||
| 005 | 20210624073610.0 | ||
| 008 | 161015s1926 hu o 0|| hun d | ||
| 040 | |a SZTE Egyetemi Kiadványok Repozitórium |b hun | ||
| 041 | |a hun | ||
| 245 | 0 | 0 | |a Apró közlemények |h [elektronikus dokumentum] : |b Alföldkutatás. Biliege. Forna. Betereg. [... etc.] |
| 260 | |c 1926 | ||
| 300 | |a 231-238 | ||
| 490 | 0 | |a Föld és ember |v 6 No. 4 | |
| 695 | |a Földrajztudomány | ||
| 856 | 4 | 0 | |u http://acta.bibl.u-szeged.hu/10406/1/fold_006_004_231-238.pdf |z Dokumentum-elérés |